000 00548nam a2200157 i 4500
001 85896
003 ES-MaACL
007 t|
008 041202s1954 sp ||||1| spa d
100 1 _aKehl, George L.
_967724
245 1 0 _aFundamentos de la práctica metalúrgica /
_cGeorge L. Kehl ; traducción y prólogo por Francisco Múñoz del Corral.
260 _aMadrid :
_bAguilar,
_c[1954] (
_eBilbao :
_fGrijelmo)
300 _aXIX, 516 p. :
_bil. ;
_c22 cm.
700 1 _aMuñoz del Corral, Francisco.
_984396
852 _aES-MaACL
_jC-8017
_bR.36145
999 _c85896
_d85896